Η πρόκληση του Χίλμπερτ

Αποθηκεύτηκε σε:
Λεπτομέρειες βιβλιογραφικής εγγραφής
Κύριος συγγραφέας: Gray, Jeremy, 1947-
Μορφή: Βιβλίο
Γλώσσα:Greek
English
Δημοσίευση: Αθήνα : Αλεξάνδρεια, 2007.
Σειρά:Επιστήμη και πολιτισμός
Θέματα:
Ετικέτες: Προσθήκη ετικέτας
Δεν υπάρχουν, Καταχωρήστε ετικέτα πρώτοι!

MARC

LEADER 00000cam a2200000 i 4500
001 1/12238
008 110304s2007 gr | ||| |||| ||gre||
020 |a 9789602213964 
035 |l 10109710 
040 |a GR-MyUa  |b gre  |e AACR2 
041 1 |a gre  |h eng 
082 7 |a 510.92   |2 (22) 
100 1 |a Gray, Jeremy,   |d 1947- 
245 1 2 |a Η πρόκληση του Χίλμπερτ /   |c Jeremy J. Gray ; μετάφραση Τεύκρος Μιχαηλίδης. 
260 |a Αθήνα :   |b Αλεξάνδρεια,   |c 2007.  
300 |a 366 σ. ;   |c 24 εκ. 
490 1 |a (Επιστήμη και πολιτισμός) 
500 |a Τίτλος πρωτοτύπου: The Hilbert challenge.  
504 |a Βιβλιογραφία: σ. [349]-360. Ευρετήριο.  
600 1 0 |a Hilbert, David,   |d 1862-1943. 
650 0 |a Mathematics  |x Philosophy  |x History  |y 20th century. 
650 0 |a Mathematics  |x History  |y 20th century. 
650 0 |a Mathematicians  |z Germany  |v Biography. 
830 0 |a Επιστήμη και πολιτισμός 
852 |a INST  |b SYROS  |e 20110304  |h 510.92 GRA  |p 005500009313  |q 005500009313  |t BK  |y 0 
901 |a BIBL5-2011-1 
922 |a 5ΕΛΗ  |b 201011  |c Βιβλιοθήκη Σύρου  |d Π. Ιωαννίδου 
970 |a Κοντού  |b Παρασκευή  |z 04/03/2011